000 00790nam a22001817a 4500
003 OSt
005 20160209103022.0
008 160209b xxu||||| |||| 00| 0 eng d
020 _a9781780432090
040 _aLaw Development Dentre
082 _25th Ed.
_a340
_bXAN
100 _athornton's legislative drafting
245 _athornton's legislative drafting
_cdr helen xanthaki
260 _abloomsbury professional
_blexisnexis
_cc2013
300 _a19.24p.
_fcm
_g25
500 _a1 words 1 2 syntax 17 3 style 49 4 specific matters of style 85 5 miscellaneous words and expressions 101 6 interpretation acts 127 7 the drafting process:part 1 141 8 the drafting process:part 2 163 9 formalities and arrangement 203
942 _2ddc
_cBK
_h340.02
_kTHO
_m340.02THO
999 _c8428
_d8428